Responses for show #5482 - Tuesday, June 10, 2008

Donna Vogel game 4.

Contestants

[<< previous game]

Danny Whitehurst, a naval officer from Lithia, Florida

Emily Ochoa, an English teacher in France originally from Boise, Idaho

Donna Vogel, a scientist from Bethesda, Maryland (whose 3-day cash winnings total $63,399)

[next game >>]

Jeopardy! Round responses

20th CENTURY BALLET
TOP MONEYMAKING FILMS BY YEAR
(Alex: I'll give you the year, and give you a selection of films. We're talking about all-time earnings by these films, not just in the year in which they were released.)
THEY RULED IN 1708
FRANCHISES
A WORLD OF CURRENCY
ALL "SET"
    $200 25
Picasso

Emily
    $200 16
Ghostbusters

Danny
    $200 11
the Ottoman Empire

Emily
    $200 6
pizza

Danny
    $200 1
the bald eagle

Emily
    $200 20
sunset

Emily
    $400 26
Sanskrit

Danny
    $400 17
Spider-Man 3

Emily
    $400 12
Peter the Great

Emily
    $400 7
pretzels

Danny
    $400 2
pesos

Danny
    $400 21
a marmoset

Danny
    $600 28
the Bolshoi

Donna
    $600 18
Bambi

Emily
    $600 13
Spain & Portugal

Emily
    $600 8
T.G.I. Friday's

Emily
    $600 3
(Danny: What is bath?)
(Emily: What is dollar?)

pound

DonnaEmilyDanny
    $600 22
an asset

Danny
    $800 29
Nureyev

Donna
    $800 19
(Emily: What is American Graffiti?)
(Danny: What is The Sting?)

The Exorcist

DonnaEmilyDanny
    $800 14
Louis XIV

Danny
    $800 9
Mail Boxes Etc.

Danny
    $800 4
Ethiopia

Danny
    $800 23
the Knesset

Danny
    $1000 30
Nijinsky

Triple Stumper
    $1000 27
White Christmas

Triple Stumper
    $1,400 15
the Holy Roman Empire

Danny
    $1000 10
Potato

Emily
    $1000 5
Genghis Khan

Danny
    $1000 24
offset

Donna

Scores at the first commercial break (after clue 15):

Donna Emily Danny
$600 $2,400 $5,200

Scores at the end of the Jeopardy! Round:

Donna Emily Danny
$3,800 $3,000 $6,800

Double Jeopardy! Round responses

ENGLISH LITERATURE
TRACK & FIELD
THE MIDDLE EAST
JAPANESE CUISINE
BIOLOGY
BACKWORDS
(Alex: Each response is a word in the clue, spelled backwards.)
    $400 1
Beowulf

Donna
    $400 26
the shot

Danny
    $400 5
the Koran

Emily
    $400 19
rice

Danny
    $400 2
volcanoes

Donna
    $400 15
a wolf (flow)

Danny
    $3,400 6
The Time Machine

Emily
    $800 27
(Alex: Yes, Flo-Jo.)

Florence Griffith Joyner

Emily
    $800 11
the United Arab Emirates

Donna
    $800 22
(Alex: Why can't we be like Kobe?)

Kobe

Donna
    $800 3
viruses

Donna
    $800 16
Matt Damon (nomad)

Emily
    $1200 7
Amis

Donna
    $1200 28
(Donna: What's the high jump?)
(Emily: What is the long jump?)
(Danny: What is the broad jump?)

the pole vault

DonnaEmilyDanny
Triple Stumper
    $1200 12
Bashar Assad

Danny
    $1200 23
tempura

Donna
    $1200 4
bones

Danny
    $1200 17
peels (sleep)

Donna
    $1600 10
A Room with a View

Danny
    $1600 29
the high jump

Danny
    $1600 13
the Balfour Declaration

Danny
    $1600 24
ramen

Emily
    $3,000 8
Vitamin A

Donna
    $1600 18
Jack Elam (male)

Triple Stumper
    $2000 21
Noel Coward

Donna
    $2000 30
Ben Johnson

Danny
    $2000 14
(Donna: What is the Arab-American Company? [Alex pauses and exhales loudly] What is [*]?)

the Arabian-American Company

Donna
    $2000 25
(Alex: You notice Jimmy sitting with all his friends!)

toro

Donna
    $2000 9
an algae

Emily
    $2000 20
dray (yard)

Danny

Scores at the end of the Double Jeopardy! Round:

Donna Emily Danny
$18,400 $10,800 $18,000

[wagering suggestions for these scores]

Final Jeopardy! Round responses

COLONIAL PEN NAMES
EmilyWho is James Madison?
$3,000
DannyWho is Ben Franklin?
$3,700
DonnaWho was Ben Franklin?
$3,500
Benjamin Franklin

Final scores:

Donna Emily Danny
$21,900 $7,800 $21,700
4-day champion: $85,299 3rd place: $1,000 2nd place: $2,000

Game dynamics:

Coryat scores:

Donna Emily Danny
$17,000 $8,200 $17,600
17 R
(including 1 DD),
1 W
16 R
(including 1 DD),
3 W
23 R
(including 1 DD),
3 W

Combined Coryat: $42,800

The J! Archive is created by fans, for fans. The Jeopardy! game show and all elements thereof, including but not limited to copyright and trademark thereto, are the property of Jeopardy Productions, Inc. and are protected under law. This website is not affiliated with, sponsored by, or operated by Jeopardy Productions, Inc. Join the discussion at JBoard.tv.